| 000 | 00932nam0a2200277 4500 | ||
|---|---|---|---|
| 001 | RU\NLR\bibl\555595 | ||
| 005 | 20260406054220.0 | ||
| 010 |
_a5-352-0419-8 _98000 |
||
| 021 |
_aRU _b2004-50194 _92470 |
||
| 035 | _a(NLR Aleph) 000547742 | ||
| 090 |
_a1453039 _c1453039 |
||
| 100 | _a20040923d2004 |||y0rusy50 ca | ||
| 101 | 1 |
_arus _cmap |
|
| 102 | _aRU | ||
| 105 | _ay ||||||||| | ||
| 200 | 1 |
_aЗаписки у изголовья _eИзбр. страницы _fСэй Сенагон _g[Пер. со старояп. В. Марковой] |
|
| 210 |
_aСПб. _cАзбука-классика _d2004 |
||
| 215 |
_a302, [1] с. _d18 |
||
| 225 | 1 | _aАзбука-классика | |
| 686 | _aШ5(5Я(4-4Сэй Сенагон | ||
| 700 | 0 |
_4070 _7ca _8rus _aСэй Сенагон _f966-1017 _9118691 _3RU\NLR\auth\778806 |
|
| 801 | 0 |
_aRU _bNLR _c20040923 _gPSBO |
|
| 801 | 1 |
_aRU _bNLR _c20040923 |
|
| 942 | _cBOOK | ||
| 980 | _aNB | ||